zpět

Detail výsledku týmu

Hotel Sport, Kralupy nad Vltavou

Datum a čas kvízu

27.5 Celkem bodů Celkový počet nahraných bodů na tomto kvízu bez doplňovacích otázek.
6. Pořadí na kvízu Konečné umístění týmu na tomto kvízu.

Zaznamenané odpovědi

# Otázka Odpověď Body Výsledky
1. Co bylo hlavní motivací kavárn... C 0
2. Na Světovém ekonomickém fóru v... Václava Havla 1
3. Který hororový snímek získal v... Hříšníci/Sinners 1
4. Nápojářská skupina Kofola zaví... Nobilis Tilia 0
5. Rvačky nejsou v NHL ničím neob... Florida Panthers, San Jose Sharks 0
6. Jak se jmenuje italský horolez... Reinhold Messner 1
7. Jak se trojslovně jmenuje disc... lezení na obtížnost 1
8. Jak se jmenuje tento základní... dračí smyčka 1
9. Po půl bodu můžete získat, kdy... El Capitan, Yosemite 0
10. Jak se jmenuje fenomenální slo... B) Janja Garnbret 0